Países Modernos del Imperio Romano de Occidente en un Mapa - Estadísticas

Estadísticas generales
  • Esta prueba ha sido intentada 103 veces
  • La puntuación promedio es 26 de 27
Respuestas en el mapa
Las respuestas están codificadas por una escala verde-roja en el mapa de la prueba según el % correcto abajo.
 
Estadísticas de respuestas
Países % Correcto
Alemania
100%
Andorra
100%
Ciudad del Vaticano
100%
España
100%
Francia
100%
Italia
100%
Mónaco
100%
Países Bajos
100%
Portugal
100%
Reino Unido
100%
Austria
99%
Bélgica
99%
San Marino
99%
Suiza
99%
Bosnia y Herzegovina
98%
Croacia
98%
Hungría
98%
Malta
98%
Marruecos
98%
Argelia
97%
Luxemburgo
97%
Serbia
97%
Túnez
96%
Eslovenia
94%
Libia
94%
Liechtenstein
94%
Montenegro
94%
No se encontraron pruebas coincidentes
Distribución de puntuación
Porcentaje de gente con cada puntuación
Porcentaje por número respondido
Historial de tus puntuaciones
No has intentado esta prueba.